El cultivo del palto

Сохранить в:
Библиографические подробности
Главный автор: Lemus Sepúlveda, Gamalier (autor)
Формат:
Язык:испанский
Опубликовано: La Cruz INIA 2005
Предметы:
Метки: Добавить метку
Нет меток, Требуется 1-ая метка записи!

MARC

LEADER 00000nam a2200000 a 4500
001 UCK9460
003 CL-VaPUC
008 060512e20050000CL |||||||||||||||||spa|d
082 0 4 |a 634.653  |b LEM  |2 21 
100 |a Lemus Sepúlveda, Gamalier  |e autor  |9 776768 
245 1 3 |a El cultivo del palto 
300 |a 75 p 
942 |c BK 
945 |d 20060512 00:00:00  |a jtorresc 
260 |a La Cruz  |b INIA  |c 2005 
650 0 |a Palto (Persea Americana Mill)  |9 264436 
650 0 |a Cultivos  |9 264356 
650 0 |a Variedades  |9 393868 
650 0 |a Propagación de plantas  |9 339631 
650 0 |a Cosecha  |9 259688 
650 7 |a MERCADO NACIONAL  |2 CL-VaPUC  |9 373893 
650 0 |a Exportación  |9 351066 
651 7 |a LA CRUZ  |2 CL-VaPUC  |9 365002 
651 0 |a Región 05  |9 267528 
583 |a last modification  |c 20060512 00:00:00  |k Rodrigo Vera 
999 |c 316664  |d 316662 
952 |0 0  |1 0  |4 0  |6 634_653000000000000_LEM_2005  |7 0  |8 A  |9 391304  |a BIBAGR  |b BIBAGR  |d 2019-11-22  |i 4226054  |l 2  |m 1  |o 634.653 LEM 2005  |p 4226054  |r 2025-01-20  |s 2024-08-21  |w 2019-11-22  |y BK  |k AGR 
952 |0 0  |1 0  |4 0  |6 634_653000000000000_LEM_2005  |7 0  |8 A  |9 391305  |a BIBAGR  |b BIBAGR  |d 2019-11-22  |i 4226046  |o 634.653 LEM 2005  |p 4226046  |r 2025-01-20  |w 2019-11-22  |y BK  |k AGR 
952 |0 0  |1 0  |4 0  |6 634_653000000000000_LEM_2005  |7 0  |8 A  |9 391306  |a BIBAGR  |b BIBAGR  |d 2019-11-22  |i 4226062  |o 634.653 LEM 2005  |p 4226062  |r 2025-01-20  |w 2019-11-22  |y BK  |k AGR